LEADER 00805nam0 2200241 450 001 000025493 005 20090427182027.0 100 $a20090427d1986----km-y0itaa50------ba 101 0 $aita 102 $aIT 200 1 $a<> attentato$fRomano Bilenchi 210 $aFirenze$cPananti$dstampa 1986 215 $a33 p.$d16 cm. 676 $a853.914$v(21. ed.)$9Narrativa italiana. 1945-1999 700 1$aBilenchi,$bRomano$0151969 801 0$aIT$bUniversità della Basilicata - B.I.A.$gRICA$2unimarc 912 $a000025493 996 $aAttentato$989263 997 $aUNIBAS BAS $aLETTERE CAT $aEXT10$b01$c20090427$lBAS01$h1820 FMT Z30 -1$lBAS01$LBAS01$mBOOK$1BASA1$APolo Storico-Umanistico$2FMAS$BFondo Masini$3FMas/817/2277$6817/2277$5B817/2277$820090427$f04$FPrestabile Didattica